000 00365pab a2200157 454500
008 180718b2000 xxu||||| |||| 00| 0 eng d
100 _aMattoo, Aaditya
245 _aIndia and the trading system
260 _c2000
300 _ap.10
362 _a25 Apr
650 _aInternational trade
700 _aSubramanian, Arvind
773 _aHindu
909 _a45959
999 _c45959
_d45959